Loading...
| Current Events | 1 | 20.00 | 100% | 100% | 0% |
| Fine Arts - Classical Music | 6 | 30.00 | 100% | 100% | 100% |
| Fine Arts - Other Fine Arts | 5 | 18.00 | 100% | 60% | 20% |
| Geography | 4 | 27.50 | 100% | 100% | 75% |
| History - American History | 6 | 20.00 | 100% | 67% | 33% |
| History - European History | 7 | 17.14 | 100% | 43% | 29% |
| History - Other History | 7 | 24.29 | 100% | 86% | 57% |
| History - World History | 7 | 27.14 | 100% | 100% | 71% |
| Literature - American Literature | 6 | 21.67 | 100% | 67% | 50% |
| Literature - British Literature | 5 | 18.00 | 100% | 60% | 20% |
| Literature - European Literature | 6 | 18.33 | 100% | 67% | 17% |
| Literature - World Literature | 8 | 23.75 | 100% | 100% | 38% |
| Mythology | 10 | 30.00 | 100% | 100% | 100% |
| Painting/Sculpture | 10 | 23.00 | 100% | 90% | 40% |
| Philosophy | 4 | 25.00 | 100% | 100% | 50% |
| Pop Culture | 4 | 20.00 | 75% | 100% | 25% |
| Religion | 8 | 26.25 | 100% | 100% | 63% |
| Science - Biology | 5 | 26.00 | 100% | 100% | 60% |
| Science - Chemistry | 6 | 26.67 | 100% | 100% | 67% |
| Science - Other Science | 5 | 24.00 | 100% | 100% | 40% |
| Science - Physics | 10 | 23.00 | 100% | 70% | 60% |
| Social Science | 3 | 26.67 | 100% | 100% | 67% |